Top 50 Least Urbanized Countries - Statistics

General Stats
  • This quiz has been taken 64 times
  • The average score is 30 of 50
Answer Stats
% Country % Correct
16 Niger
90%
23 Chad
82%
27 Kenya
76%
20 South Sudan
76%
35 Sudan
76%
13 Papua New Guinea
75%
34 Tanzania
73%
25 Afghanistan
71%
42 Central African Republic
71%
41 Eritrea
71%
37 Mozambique
71%
17 Rwanda
71%
25 Uganda
71%
21 Ethiopia
69%
34 India
69%
28 Lesotho
69%
37 Pakistan
69%
34 Zimbabwe
67%
36 Laos
65%
38 Madagascar
65%
17 Malawi
65%
23 Tonga
65%
24 Eswatini
63%
36 Guinea
63%
20 Nepal
63%
24 Solomon Islands
63%
37 Bangladesh
61%
14 Burundi
61%
42 Bhutan
59%
24 Cambodia
59%
17 Samoa
59%
26 Tajikistan
59%
38 Vietnam
59%
36 Kyrgyzstan
57%
25 Vanuatu
57%
30 Burkina Faso
55%
31 Myanmar
55%
36 Yemen
53%
22 FS Micronesia
51%
32 Saint Kitts and Nevis
51%
18 Saint Lucia
49%
37 Grenada
47%
40 Mauritius
47%
29 Comoros
45%
27 Guyana
45%
25 Antigua and Barbuda
43%
18 Sri Lanka
41%
31 Barbados
39%
40 Maldives
37%
14 Liechtenstein
14%
No matching quizzes found
Score Distribution
Percent of People with Each Score
Percentile by Number Answered
Your Score History
You have not taken this quiz